00430 a2200145 4500003000400000005001700004008004100021020001800062040000900080082001900089100002300108245009400131260004500225300001400270OSt20250702151003.0250701b |||||||| |||| 00| 0 eng d a9789392816944 coclc a615.535bGOS/L aGoswami, NitucDr. aLocal Health Tradition and Herbal Home Remedies /cDr.Nitu Goswami, Dr. Rabindranath Pati aNew Delhi:bAbhijeet Publications,c2024 a272 pages